So sánh đối chiếu một số từ nối logic ngữ pháp trong phát ngôn Anh - Việt
Gardado en:
| Autor Principal: | |
|---|---|
| Outros autores: | |
| Formato: | Libro |
| Idioma: | Vietnamese |
| Publicado: |
Đà Nẵng,
1994.
|
| Những chủ đề: | |
| Các nhãn: |
Engadir etiqueta
Sen Etiquetas, Sexa o primeiro en etiquetar este rexistro!
|
| Thư viện lưu trữ: | Mạng thư viện Đại học Đà Nẵng |
|---|
| LEADER | 01009cmm a2200349 i 4500 | ||
|---|---|---|---|
| 001 | 000044861 | ||
| 003 | 3271 | ||
| 005 | 20030508155355.0 | ||
| 008 | 010312|1994 vm 000 vie | ||
| 040 | |a IRC |c IRC |d IRC | ||
| 041 | 0 | |a vie | |
| 082 | 1 | 4 | |a 425 |b VĂ-H |
| 100 | 1 | |a Văn Quý Hoà. | |
| 245 | 0 | 0 | |a So sánh đối chiếu một số từ nối logic ngữ pháp trong phát ngôn Anh - Việt |h [Thesis-Luận văn] / |c Văn Quý Hòa thực hiện ; Phan Văn Hòa hướng dẫn. |
| 260 | |a Đà Nẵng, |c 1994. | ||
| 300 | |a 62Tr. ; |c 30cm. | ||
| 630 | 0 | 4 | |a Anh ngữ. |
| 630 | 0 | 4 | |a Ngữ pháp. |
| 630 | 0 | 4 | |a Khoá luận. |
| 650 | 0 | 4 | |a Việt ngữ |x Ngữ pháp. |
| 650 | 0 | 4 | |a Anh ngữ |x Ngữ pháp. |
| 700 | 1 | |a Phan Văn Hoà, |c TS., |e hướng dẫn. | |
| OWN | |a DUT | ||
| 999 | |a From the UDN01 | ||
| TYP | |a Computer file | ||
| TYP | |a Monograph | ||
| 980 | |a Mạng thư viện Đại học Đà Nẵng | ||